000
00277nam a2200109Ia 4500
008
190216s9999||||xx |||||||||||||| ||und||
100
_a
Sreedhara Menon.A
245
0
_a
Cultural Heritage Of Kerala An Introduction
260
_b
East-West Press
650
_a
History
942
_c
BK
999
_c
19528
_d
19528